00668nam a22002057a 450000500170000001000150001702000270003202000240005903500130008303500130009603700130010903700230012208200110014510000240015624501000018026000450028027000630032530000240038850000500041220140606170159.0 aENG-106972 a9780198089223c1025.00 a0198089228c1025.00 aEN-90505 aB-528937 bDBAD/PUB bMallika Booksadpl a250.641 aChatterjee, Indrani10aForgotten Friends :cby Indrani Chatterjeebmonks, marriages, and memories of Northeast India / aNew DelhibOxford University Pressc2013 aYMCA Library Building, 1 Jai Singh RoadbNew Delhie110001 axiv,451p.c22cm(Hb) aIncludes bibliographical references and index